| 000 | 00683nam a22002537a 4500 | ||
|---|---|---|---|
| 003 | CHAP | ||
| 005 | 20220329134325.0 | ||
| 008 | 971013s1965 r 00010 d | ||
| 010 | _a18734 | ||
| 011 | _a19706 | ||
| 035 | _a23791 | ||
| 040 | _cCHAP | ||
| 082 |
_a332.4 _bD4 |
||
| 100 | 0 | 0 |
_aDewey, Donald. _932335 |
| 245 | _aModern capital theory | ||
| 260 |
_aNew York : _bColumbia University Press, _c1965 |
||
| 300 | _a238 p. | ||
| 590 |
_aBATCH-UPD _b10 _c20130110 _lUCH01 _h1536 |
||
| 590 |
_aCONVERSION _b10 _c20130109 _lUCH01 _h1311 |
||
| 650 | 1 | 4 |
_aCapital. _918709 |
| 901 | _aBK | ||
| 942 | _cLIBRO | ||
| 949 |
_a332.4 D4 _bBC _cLIBRO _d33724000336343 _eLIBRO _h11252 _i23791 _si |
||
| 999 |
_c18734 _d18734 |
||